Double Letter Logos II Quiz Stats

 Plays Quiz Updated Jan 31, 2016

Challenge
Share
Tweet
Score 0/20 Timer 04:00
28 Plays Today
% Correct
Yahoo!
98.9%
Coors Light
90.2%
Goodyear
81.8%
Guinness
76.5%
Denny's
70.2%
Dannon
64.5%
Betty Crocker
63.7%
Zippo
60.3%
Swiss Miss
58.7%
Snapple
51.7%
% Correct
Hot Wheels
49.8%
Gucci
49.2%
Pall Mall
45.8%
Red Bull
45.4%
Piggly Wiggly
40%
Pirelli
35%
Reebok
9%
Esso
7.4%
reddit
6.4%
Rubbermaid
1.9%

You're not logged in!

Compare scores with friends on all Sporcle quizzes.
OR
Log In

You Might Also Like...

Show Comments

Extras

Top Quizzes Today


Score Distribution

Your Account Isn't Verified!

In order to create a playlist on Sporcle, you need to verify the email address you used during registration. Go to your Sporcle Settings to finish the process.

Report this User

Report this user for behavior that violates our Community Guidelines.

Details: